[Event "Budapest FS12 GM"]
[Site "Budapest"]
[Date "1995.??.??"]
[Round "7"]
[White "Cao Sang"]
[Black "Csom, Istvan"]
[Result "1-0"]
[WhiteElo "2420"]
[BlackElo "2455"]

1.e4 c5 2.Nf3 d6 3.d4 cxd4 4.Nxd4 Nf6 5.Nc3 Nc6 6.Bg5 e6 7.Qd2 a6 8.O-O-O h6
9.Be3 Bd7 10.f3 b5 11.g4 Qc7 12.Bd3 Nxd4 13.Bxd4 b4 14.Ne2 e5 15.Be3 Be6
16.Kb1 d5 17.g5 dxe4 18.fxe4 hxg5 19.Bxg5 Nd7 20.Nc1 Qc6 21.h4 a5 22.Bf1 f6
23.Be3 Nc5 24.Bxc5 Bxc5 25.Bh3 Kf7 26.Qg2 Rh6 27.Bxe6+ Qxe6 28.Rd5 Rg6 29.Qf1 Bf8
30.h5 Rg5 31.Qc4 Kg8 32.Nd3 Kh7 33.Nf2 Qa6 34.Rb5 Qa7 35.Qf1 Qd7 36.Rd5 Qe6
37.Qd1 a4 38.Rd7 Be7 39.Qd5 Ra6 40.Qb7  1-0

[Event "Budapest FS10 IM-B"]
[Site "Budapest"]
[Date "1995.??.??"]
[Round "8"]
[White "Majigsuren, Dovdon"]
[Black "Kozma, Karoly"]
[Result "1/2-1/2"]
[WhiteElo "2155"]
[BlackElo "2310"]

1.e4 c5 2.Nf3 d6 3.d4 cxd4 4.Nxd4 Nf6 5.Nc3 Nc6 6.Bg5 e6 7.Qd2 a6 8.O-O-O h6
9.Be3 Be7 10.h3 O-O 11.f4 Nxd4 12.Bxd4 b5 13.Bd3 Bb7 14.Qe3 b4 15.Ne2 e5
16.Bb6 Qc8 17.fxe5 dxe5 18.Ng3 Nd7 19.Qf2 Bh4 20.Be3 a5 21.Qf3 Bxg3 22.Qxg3 Kh8
23.Rhf1 Nc5 24.Bxh6 Nxd3+ 25.Rxd3 gxh6 26.Rf6 Ra6 27.Qxe5 Kh7 28.Rdd6 Rxd6
29.Qxd6 Bxe4 30.Rxh6+ Kg8 31.Qg3+ Bg6 32.Rxg6+  1/2-1/2

[Event "Budapest FS08 IM-A"]
[Site "Budapest"]
[Date "1995.??.??"]
[Round "8"]
[White "Kiss, Gedeon"]
[Black "Rotman, Daniel"]
[Result "0-1"]
[WhiteElo "2120"]
[BlackElo "2235"]

1.e4 c5 2.Nf3 d6 3.d4 cxd4 4.Nxd4 Nf6 5.Nc3 Nc6 6.Bg5 e6 7.Qd2 Be7 8.O-O-O Nxd4
9.Qxd4 a6 10.f4 b5 11.Bxf6 Bxf6 12.Qxd6 Qxd6 13.Rxd6 Bb7 14.Rb6 O-O-O 15.e5 Be7
16.a4 b4 17.Nd1 Kc7 18.Rxa6 Bxa6 19.Bxa6 g5 20.g3 gxf4 21.gxf4 Rd4 22.Rg1 Rxf4
23.Rg7 Bf8 24.Rg3 Rf5 25.Kd2 Bh6+ 26.Ke2 Rxe5+ 27.Kf2 Rd8 28.Bd3 Rd4 29.b3 Bg5
30.Kg2 Rh4 31.Kf3 f5 32.Nf2 Re3+ 33.Kg2 Rxg3+ 34.hxg3 Rd4 35.g4 fxg4 36.Bxh7 Bh4
37.Bd3 Bxf2 38.Kxf2 e5 39.Ke3 Rf4 40.Be2 Kb6 41.Bd1 g3 42.Bf3 Rh4 43.Bg2 e4
44.Bf1 Rh2  0-1

[Event "Budapest FS10 IM-A"]
[Site "Budapest"]
[Date "1995.??.??"]
[Round "9"]
[White "Weteschnik, Martin"]
[Black "Habibi, Ali"]
[Result "0-1"]
[WhiteElo "2100"]
[BlackElo "2295"]

1.e4 c5 2.Nf3 Nc6 3.d4 cxd4 4.Nxd4 Nf6 5.Nc3 d6 6.Bg5 e6 7.Qd2 Be7 8.f4 h6
9.Bxf6 gxf6 10.O-O-O a6 11.Kb1 Bd7 12.Be2 h5 13.f5 Qb6 14.Nb3 Ne5 15.Rhf1 O-O-O
16.Rf4 Rdg8 17.Bf1 Kb8 18.g3 Rc8 19.Rf2 h4 20.gxh4 Rxh4 21.h3 a5 22.Qd4 Qc7
23.Bb5 Nc6 24.Qe3 Rch8 25.Rf3 Bd8 26.Bf1 Ne5 27.Rg3 a4 28.Nd4 Nc4 29.Qd3 Ne5
30.Qe3 Qc5 31.Ndb5 Qxe3 32.Rxe3 exf5 33.Nxd6 f4 34.Ree1 Bc6 35.Nf5 R4h5 36.Nd4 Bd7
37.a3 Ba5 38.Nde2 Rh4 39.Rd5 Bb6 40.Red1 Bc6 41.Rd6 f5 42.exf5 Bc5 43.Rd8+ Rxd8
44.Rxd8+ Kc7 45.Rd1 f3 46.Nc1 Nc4 47.Bxc4 Rxc4 48.Nd3 Bd6 49.Rf1 Rh4 50.Nf2 Bf4
51.Rg1 Rh5 52.f6 Rf5 53.Nfe4 Be5 54.Rf1 Rf4 55.Nf2 Bd4 56.Ng4 f2 57.Nd1 Bg2
58.Rxf2 Bxf2 59.Ndxf2 Bxh3 60.Nxh3 Rxg4  0-1

[Event "Budapest Mediflora"]
[Site "Budapest"]
[Date "1995.??.??"]
[Round "10"]
[White "Tolnai, Tibor"]
[Black "Varga, Peter"]
[Result "1-0"]
[WhiteElo "2470"]
[BlackElo "2440"]

1.e4 c5 2.Nf3 Nc6 3.d4 cxd4 4.Nxd4 Nf6 5.Nc3 d6 6.Bg5 e6 7.Qd3 a6 8.O-O-O h6
9.Bh4 Bd7 10.Be2 Be7 11.f4 Qc7 12.Nb3 O-O-O 13.Bxf6 gxf6 14.Bh5 Rhg8 15.g3 Rg7
16.Kb1 Kb8 17.Qe3 Na5 18.Nxa5 Qxa5 19.f5 Rh8 20.Rhe1 Bc6 21.Qf2 Ka8 22.a3 Rc8
23.Qf4 Rh7 24.Bg4 h5 25.Bh3 Bd7 26.fxe6 Bxe6 27.Nd5 Bd8 28.Bf5 Rh8 29.Qxd6 Rc6
30.Qb4 h4 31.g4 h3 32.Re3 Qxb4 33.Nxb4 Bb6 34.Rf3 Bxf5 35.gxf5 Rc4 36.Nd5 Ka7
37.Nxb6 Kxb6 38.Rd6+ Kc5 39.Rfd3 Kb5 40.R3d5+ Rc5 41.a4+ Kb4 42.c3+  1-0

[Event "Budapest FS08 IM-B"]
[Site "Budapest"]
[Date "1995.??.??"]
[Round "11"]
[White "Hjelm, Niclas"]
[Black "Munschi, Serge"]
[Result "0-1"]
[WhiteElo "2335"]
[BlackElo "2290"]

1.e4 c5 2.Nf3 Nc6 3.d4 cxd4 4.Nxd4 Nf6 5.Nc3 d6 6.Bg5 e6 7.Qd2 a6 8.O-O-O h6
9.Be3 Nxd4 10.Bxd4 b5 11.f4 Be7 12.Qe3 b4 13.Na4 Rb8 14.Ba7 Bd7 15.Bxb8 Qxb8
16.Nb6 Bc6 17.Bd3 a5 18.Kb1 O-O 19.h3 a4 20.g4 Nxe4 21.Bxe4 Bxe4 22.Qxe4 Qxb6
23.h4 Rc8 24.Rh3 d5 25.Qe2 Rc3 26.Rhh1 Re3 27.Qd2 a3 28.g5 axb2 29.Rhg1 Ra3
30.gxh6 Rxa2 31.Rxg7+ Kf8 32.Qd4 Ra1+ 33.Kxb2 Qxd4+ 34.Rxd4 Bf6 35.Kxa1 Bxd4+
36.Ka2 Bxg7 37.hxg7+ Kxg7  0-1

[Event "Bytom op"]
[Site "Bytom"]
[Date "1995.??.??"]
[Round "?"]
[White "Struk, Jerzy"]
[Black "Shilov, Sergej"]
[Result "0-1"]
[WhiteElo "2125"]
[BlackElo "2255"]

1.e4 c5 2.Nf3 Nc6 3.d4 cxd4 4.Nxd4 Nf6 5.Nc3 d6 6.Bg5 e6 7.Qd2 Be7 8.f3 a6
9.O-O-O Nxd4 10.Qxd4 Qa5 11.Qa4+ Qxa4 12.Nxa4 Bd7 13.Nb6 Rd8 14.Nxd7 Rxd7
15.Bc4 h6 16.Bh4 Nh5 17.Bf2 O-O 18.g4 Nf4 19.h4 b5 20.Bf1 Bf6 21.Bd4 Rc8
22.Bxf6 gxf6 23.Rh2 d5 24.exd5 Nxd5 25.Bd3 Rdc7 26.Kb1 Kg7 27.Be4 Ne3 28.Re1 Rd8
29.Bd3 Nd5 30.a3 Nf4 31.Be4 h5 32.Rg1 Rcd7 33.Ka2 Rd2 34.gxh5+ Kh8 35.Rxd2 Rxd2
36.Kb3 Nxh5 37.Bb7 Rd6 38.Kb4 Rb6 39.Bxa6 Rxa6 40.Kxb5 Ra8 41.Re1 Nf4 42.c4 Nd3
43.b4 Rxa3 44.c5 Rc3 45.Rd1 e5 46.Rxd3 Rxd3 47.c6 Rc3 48.Kb6 f5 49.b5 e4
50.Kc7 exf3 51.b6 f2 52.b7 Rb3 53.Kc8 f1=Q 54.c7  0-1

[Event "Caceres"]
[Site "Caceres"]
[Date "1995.??.??"]
[Round "?"]
[White "Llanes Hurtado, Miguel"]
[Black "Carrasco Martinez, Juan M"]
[Result "1-0"]
[WhiteElo "2265"]
[BlackElo "2300"]

1.e4 c5 2.Nf3 Nc6 3.d4 cxd4 4.Nxd4 Nf6 5.Nc3 d6 6.Bg5 a6 7.Qd2 e6 8.O-O-O Bd7
9.f3 Rc8 10.Kb1 h6 11.Be3 Ne5 12.f4 Nc4 13.Bxc4 Rxc4 14.Qd3 Qc7 15.Nf3 b5
16.e5 b4 17.exf6 bxc3 18.Bd4 gxf6 19.Bxf6 Rg8 20.Bxc3 Rxg2 21.Nd2 Rxf4 22.Qxa6 Ra4
23.Qd3 Bc6 24.Rhe1 Qa7 25.a3 d5 26.Nf3 Qb7 27.Ne5 d4 28.Nxc6 Qxc6 29.Bxd4 Bxa3
30.Bf6 Bd6 31.Qb3 Bc7 32.Qb8+  1-0

[Event "CAN-ch"]
[Site "CAN"]
[Date "1995.??.??"]
[Round "4"]
[White "Kiviaho, Bob"]
[Black "Littke, Adam"]
[Result "1/2-1/2"]
[WhiteElo "2230"]
[BlackElo "2300"]

1.e4 c5 2.Nf3 Nc6 3.d4 cxd4 4.Nxd4 Nf6 5.Nc3 d6 6.Bg5 e6 7.Qd2 Be7 8.O-O-O O-O
9.f4 Nxd4 10.Qxd4 Qa5 11.Bc4 Bd7 12.Rd3 Rad8 13.Rg3 Kh8 14.e5 dxe5 15.fxe5 Bc6
16.Qe3 Ng8 17.Bd3 h6 18.Bxe7 Nxe7 19.Rf1 Rxd3 20.Qxd3 Qxe5 21.Qd2 Nf5 22.Rh3 Qa5
23.g4 Rd8 24.Rd3 Rxd3 25.Qxd3 Nh4 26.Rxf7 Kg8 27.Rf1 Qg5+ 28.Kb1 Qxg4 29.a3 Nf5
30.b3 a6 31.Kb2 Qh4 32.Qe2 Qf6 33.Re1 Kf7 34.Qe5 g5 35.Qxf6+ Kxf6 36.Ne4+ Bxe4
37.Rxe4 h5 38.Kc3 g4 39.Kd3 Nd6 40.Rf4+ Ke5 41.Rf8 Nf5 42.Re8 h4 43.c3 h3
44.a4 Kf6 45.a5 Kf7 46.Rb8 g3 47.hxg3 Kg7 48.Rxb7+ Kg6 49.Rb6 Kf6 50.Rb8 Kg7
51.Rb7+ Kg8 52.Rb8+ Kg7 53.Rb7+ Kg8 54.Rb8+ Kg7 55.Rb7+  1/2-1/2

[Event "Canaries olJ U16"]
[Site "?"]
[Date "1995.??.??"]
[Round "?"]
[White "Gunnarsson, Jon Viktor"]
[Black "Bakhtadze, Giorgi"]
[Result "1/2-1/2"]
[WhiteElo "2255"]
[BlackElo "2275"]

1.e4 c5 2.Nf3 d6 3.d4 cxd4 4.Nxd4 Nf6 5.Nc3 Nc6 6.Bg5 e6 7.Qd2 h6 8.Bxf6 gxf6
9.O-O-O a6 10.f4 Qb6 11.Nb3 Bd7 12.Be2 h5 13.Kb1 O-O-O 14.Rhf1 Be7 15.a3 Kb8
16.Bf3 Na5 17.Nxa5 Qxa5 18.Ne2 Qc5 19.Nd4 Rc8 20.Rfe1 Rc7 21.Re3 h4 22.Rc3 Qa5
23.Rxc7 Qxc7 24.Rc1 Qc5 25.c4 Rc8 26.Rc3 a5 27.Nb3 Qc7 28.Nd4 a4 29.f5 Qa5
30.Qd3 Qe5 31.h3 Bd8 32.Bg4 Bb6 33.Nf3 Qf4 34.Rc2 exf5 35.Bxf5 Be6 36.Bxe6 fxe6
37.Nd4 Qe5 38.Nf3 Qg3 39.Qc3 Qf4 40.Qd3 Bc5 41.Re2 Ba7 42.Rd2 Rc6 43.Ka2 Bc5
44.Re2 Rb6 45.Qd2 Qxd2 46.Nxd2 Rc6 47.Nf3 Bb6 48.b3 Bd8 49.Nd4 axb3+ 50.Kxb3 Rb6+
51.Ka2 e5 52.Nf5 Rc6 53.Kb3 Rb6+ 54.Kc2 Ra6 55.Rd2 Bc7 56.Kb2 Ra4 57.Nxd6 Bxd6
58.Rxd6 Rxc4 59.Rxf6 Rxe4 60.Re6 Re2+ 61.Kb1 Rxg2 62.Rh6 e4 63.Rxh4 e3 64.Re4 e2
65.Kc1 Rh2 66.h4 Rxh4 67.Rxe2  1/2-1/2

[Event "ANU op"]
[Site "Canberra"]
[Date "1995.??.??"]
[Round "?"]
[White "Solomon, Stephen J"]
[Black "Rogers, Ian"]
[Result "0-1"]
[WhiteElo "2400"]
[BlackElo "2570"]

1.e4 c5 2.Nf3 Nc6 3.d4 cxd4 4.Nxd4 Nf6 5.Nc3 d6 6.Bg5 e6 7.Qd2 Be7 8.O-O-O O-O
9.Nb3 a6 10.Bxf6 gxf6 11.Qh6 Kh8 12.Qh5 Rg8 13.Qxf7 Rg6 14.f4 Bf8 15.Kb1 b5
16.Nd4 Nxd4 17.Rxd4 b4 18.Ne2 Rb8 19.Qa7 Rb6 20.Rc4 Bb7 21.f5 Rg7 22.Nf4 d5
23.exd5 exd5 24.Rd4 Ba8 25.Qxg7+ Bxg7 26.Bc4 Rd6 27.Rhd1 Qe7 28.Ne6 Rxe6
29.fxe6 f5 30.Rxd5 Bxd5 31.Rxd5 Qh4 32.a3 bxa3 33.Rd7 Bf6 34.Bd3 Qb4  0-1

[Event "Cannes Masters"]
[Site "Cannes"]
[Date "1995.??.??"]
[Round "3"]
[White "Shchekachev, Andrei"]
[Black "Lepelletier, Benoit"]
[Result "1-0"]
[WhiteElo "2460"]
[BlackElo "2385"]

1.e4 c5 2.Nf3 Nc6 3.d4 cxd4 4.Nxd4 Nf6 5.Nc3 d6 6.Bg5 e6 7.Qd2 Be7 8.O-O-O O-O
9.f4 Nxd4 10.Qxd4 Qa5 11.Kb1 h6 12.h4 e5 13.Qd3 exf4 14.Bxf4 Be6 15.Be2 Rfe8
16.Nd5 Bxd5 17.exd5 Nd7 18.Qf5 Nc5 19.Bd3 Nxd3 20.Rxd3 Bxh4 21.Bd2 Qd8 22.Rf3 Qe7
23.a3 g6 24.Qg4 Bg5 25.Bc3 Rac8 26.Re1 Qf8 27.Ref1 Rc7 28.Qd4 Re5 29.Qxa7 Rxd5
30.Qb6 Rdc5 31.Qb4 Rc4 32.Qb5 f5 33.Re1 R4c5 34.Qb3+ Kh7 35.Re6 Qf7 36.Rxd6 Qxb3
37.cxb3 R5c6 38.Rxc6 Rxc6 39.Rd3 Rc7 40.a4 Kg8 41.b4 Kf7 42.b5 Ke6 43.a5 Be7
44.b4 Rc8 45.Kb2 f4 46.Kb3 h5 47.Bd4 Ra8 48.Kc4 g5 49.Bc5 g4 50.Bxe7 Kxe7
51.Rd5 h4 52.Rg5 f3 53.Rg7+ Kd6 54.Rxg4 h3 55.gxf3 Rh8 56.Rg1 h2 57.Rh1 Rh3
58.b6 Rh4+ 59.Kb5 Rh5+ 60.Ka4 Rh4 61.f4 Rh5 62.f5 Ke5 63.a6 bxa6 64.b7 Rh8
65.Rxh2 Rb8 66.Rh7  1-0

[Event "Cannes op"]
[Site "Cannes"]
[Date "1995.??.??"]
[Round "4"]
[White "Renet, Olivier"]
[Black "Mednis, Edmar John"]
[Result "1/2-1/2"]
[WhiteElo "2530"]
[BlackElo "2410"]

1.e4 c5 2.Nf3 Nc6 3.d4 cxd4 4.Nxd4 Nf6 5.Nc3 d6 6.Bg5 e6 7.Qd2 a6 8.O-O-O Bd7
9.f4 b5 10.Bxf6 gxf6 11.Nxc6 Bxc6 12.Qe1 Qe7 13.Bd3 Bg7 14.Kb1 Rc8 15.f5 Bb7
16.Rf1 Rc5 17.Qg3 Kf8 18.fxe6 fxe6 19.Ne2 Ke8 20.Nf4 Re5 21.Qh3 Kd7 22.Rf3 Kc7
23.Rg3 Bc8 24.a3 Bd7 25.c4 Rg5 26.cxb5 axb5 27.Nh5 Rb8 28.Rc1+ Kd8 29.Rxg5 fxg5
30.Nxg7 Qxg7 31.Qe3 Rb7 32.e5 Qxe5 33.Qxe5 dxe5 34.Bxh7 b4 35.Be4 Rb6 36.axb4 Rxb4
37.Re1 Ke7 38.Kc2 Ba4+ 39.Kc1 Kd6 40.h3 Rc4+ 41.Kd2 Rb4 42.Kc1  1/2-1/2

[Event "Cannes op"]
[Site "Cannes"]
[Date "1995.??.??"]
[Round "4"]
[White "Relange, Eloi"]
[Black "Lanka, Zigurds"]
[Result "1/2-1/2"]
[WhiteElo "2420"]
[BlackElo "2510"]

1.e4 c5 2.Nf3 Nc6 3.d4 cxd4 4.Nxd4 Nf6 5.Nc3 d6 6.Bg5 e6 7.Qd2 a6 8.O-O-O h6
9.Be3 Be7 10.f3 Qc7 11.g4 Nxd4 12.Bxd4 e5 13.Be3 Be6 14.Kb1 Rc8 15.h4 Qa5
16.Nd5 Qxd2 17.Rxd2 Nxd5 18.exd5 Bd7 19.Bd3 g6 20.Rg2 Kf8 21.f4 Bf6 22.Bd2 Kg7
23.f5 gxf5 24.gxf5+ Kf8  1/2-1/2

[Event "Cannes op"]
[Site "Cannes"]
[Date "1995.??.??"]
[Round "4"]
[White "Landenbergue, Claude"]
[Black "Dorfman, Josif D"]
[Result "1/2-1/2"]
[WhiteElo "2430"]
[BlackElo "2590"]

1.e4 c5 2.Nf3 Nc6 3.d4 cxd4 4.Nxd4 Nf6 5.Nc3 d6 6.Bg5 Qb6 7.Nb3 e6 8.Qd2 a6
9.O-O-O Be7 10.f4 O-O 11.Bd3 Rd8 12.Kb1 Bd7 13.Rhf1 h6 14.Bxf6 Bxf6 15.g4 Be8
16.e5 dxe5 17.g5 Be7 18.gxh6 g6 19.f5 exf5 20.Rxf5 Qb4 21.Qg2 Qh4 22.a3 Qxh6
23.Rdf1 Rxd3 24.cxd3 Rd8 25.R5f3  1/2-1/2

[Event "Cannes Martinez op"]
[Site "Cannes"]
[Date "1995.??.??"]
[Round "4"]
[White "Daurelle, Herve"]
[Black "Varga, Peter"]
[Result "0-1"]
[WhiteElo "2230"]
[BlackElo "2415"]

1.e4 c5 2.Nf3 Nc6 3.d4 cxd4 4.Nxd4 Nf6 5.Nc3 d6 6.Bg5 e6 7.Qd2 a6 8.O-O-O h6
9.Be3 Qc7 10.f3 Rb8 11.g4 b5 12.Nxc6 Qxc6 13.Kb1 Bb7 14.Rg1 Nd7 15.f4 Be7
16.Bg2 Qc7 17.h4 b4 18.Ne2 Nf6 19.e5 dxe5 20.fxe5 Rd8 21.Bd4 Nd7 22.g5 Bxg2
23.Rxg2 hxg5 24.hxg5 Nxe5 25.Qf4 Rc8 26.Rf1 Bd6 27.Rh2 Rxh2 28.Qxh2 Ng6 29.Qh7 Qxc2+
30.Ka1 Qxe2 31.Qg8+ Kd7 32.Qxf7+ Ne7 33.Bxg7 Qd2 34.Rb1 Rc1 35.Qf3 Qc2 36.Qb7+ Bc7  0-1

[Event "Cannes op"]
[Site "Cannes"]
[Date "1995.??.??"]
[Round "5"]
[White "Santo Roman, Marc"]
[Black "Relange, Eloi"]
[Result "1/2-1/2"]
[WhiteElo "2465"]
[BlackElo "2420"]

1.e4 c5 2.Nf3 d6 3.d4 cxd4 4.Nxd4 Nf6 5.Nc3 Nc6 6.Bg5 e6 7.Qd2 Be7 8.O-O-O Nxd4
9.Qxd4 O-O 10.e5 dxe5 11.Qxe5 Qe8 12.h4 Bd7 13.Nb5 Ng4 14.Qd4 Bxb5 15.Bxe7 Qxe7
16.Bxb5 h5 17.Be2 Rfd8 18.Qf4 e5 19.Qg5 Qxg5+ 20.hxg5 Nxf2 21.Rxd8+ Rxd8
22.Rxh5 g6 23.Rh4 e4 24.Rf4 e3 25.Rf3 Re8 26.c4 Kf8 27.Kc2 Re5 28.g3 Ke7  1/2-1/2

[Event "Cannes Martinez op"]
[Site "Cannes"]
[Date "1995.??.??"]
[Round "7"]
[White "Lanka, Zigurds"]
[Black "Varga, Peter"]
[Result "1/2-1/2"]
[WhiteElo "2480"]
[BlackElo "2415"]

1.e4 c5 2.Nf3 Nc6 3.d4 cxd4 4.Nxd4 Nf6 5.Nc3 d6 6.Bg5 e6 7.Qd2 a6 8.O-O-O h6
9.Be3 Be7 10.f3 Nxd4 11.Qxd4 b5 12.Kb1 Bb7 13.h4 Qa5 14.Qd2 Rc8 15.Bd3 Nd7
16.Qe1 Ne5 17.h5 Qc7 18.Rc1 Bf6 19.Qg3 b4 20.Nd1 Qa5  1/2-1/2

[Event "Cannes op"]
[Site "Cannes"]
[Date "1995.??.??"]
[Round "7"]
[White "Lanka, Zigurds"]
[Black "Mednis, Edmar John"]
[Result "1-0"]
[WhiteElo "2510"]
[BlackElo "2410"]

1.e4 c5 2.Nf3 Nc6 3.d4 cxd4 4.Nxd4 Nf6 5.Nc3 d6 6.Bg5 e6 7.Qd2 a6 8.O-O-O Bd7
9.f3 Rc8 10.Kb1 Ne5 11.f4 Ng6 12.g3 Be7 13.h4 h6 14.Bxf6 Bxf6 15.Bh3 Ne7
16.Rhe1 Nc6 17.Nb3 Be7 18.e5 dxe5 19.fxe5 Qc7 20.Bf1 Rd8 21.Qe3 O-O 22.a3 Na5
23.Bd3 Bc6 24.Qf4 Nxb3 25.cxb3 Rd7 26.Rf1 Qd8 27.Bc2 Rxd1+ 28.Rxd1 Qc7 29.Rf1 b5
30.b4 a5 31.a4 axb4 32.Nxb5 Qb6 33.Nd4 Bd5 34.b3 Bc5 35.Nb5 Bg2 36.Rd1 Bd5
37.Qd2 Rd8 38.Qd3 Kf8 39.Qh7 Bc6 40.Nd6 Bd5 41.Nxf7 Rd7 42.Nxh6 Ke7 43.Qxg7+ Kd8
44.Qg6 Kc7 45.Ng4 Bc6 46.Rxd7+ Bxd7 47.Qf7 Qc6 48.Nf6 Bd4 49.Be4  1-0

[Event "RSA-ch"]
[Site "Cape Town"]
[Date "1995.??.??"]
[Round "5"]
[White "Keserovic, Milan"]
[Black "Solomons, Deon"]
[Result "0-1"]
[WhiteElo "2230"]
[BlackElo "2295"]

1.e4 c5 2.Nf3 d6 3.d4 cxd4 4.Nxd4 Nf6 5.Nc3 Nc6 6.Bg5 e6 7.Qd2 Be7 8.O-O-O O-O
9.f4 Nxd4 10.Qxd4 Qa5 11.Bc4 Bd7 12.e5 dxe5 13.fxe5 Bc6 14.Bd2 Nd7 15.Nd5 Qd8
16.Nxe7+ Qxe7 17.Rhe1 Rfd8 18.Bf1 a5 19.c4 Nf8 20.Qe3 Qc7 21.Kb1 Rab8 22.Qc3 b6
23.h4 Qb7 24.Bd3 b5 25.cxb5 Bxb5 26.Bxb5 Qxb5 27.Bc1 Rdc8 28.Qd4 Rc4 29.Qf2 Nd7
30.Rd4 Nxe5 31.Bf4 Rxd4 32.Qxd4 Nc6 33.Qc3 Qf5+ 34.Ka1 Qxf4 35.Qxc6 Qf2 36.Qc3 h6
37.Rb1 a4 38.Qe5 Rd8 39.Qa5 Qxh4 40.g3 Qd4 41.a3 Rb8 42.Qc7 Rb3 43.Ka2 Rd3
44.Rc1 Rd2 45.Rc2 g6 46.Kb1 e5 47.g4 Kg7 48.Qe7 e4 49.g5 hxg5 50.Qxg5 Rd3
51.Rc1 Rd1 52.Rxd1 Qxd1+ 53.Ka2 Qd4 54.Qf4 Qd5+ 55.Kb1 g5 56.Qc7 Kg6 57.Kc1 Kf5
58.Qa7 Qc4+ 59.Kd2 Kg6 60.Qb6+ f6 61.Ke1 g4 62.Qb8 Qc1+ 63.Ke2 Qc2+ 64.Ke1 Kf5
65.Qd6 Qc1+ 66.Ke2 Qxb2+ 67.Kf1 Qb1+ 68.Kg2 Qc2+ 69.Kg1 Qd3 70.Qc5+ Kf4 71.Qf2+ Qf3
72.Qb2 Qd1+ 73.Kg2 Kg5 74.Qb5+ Kh4 75.Qe8 Qf3+ 76.Kg1 Kg3 77.Qb8+ Qf4 78.Qb2 Qe3+
79.Kf1 Qf3+ 80.Ke1 Qh1+  0-1

[Event "Cappelle op"]
[Site "Cappelle la Grande"]
[Date "1995.??.??"]
[Round "1"]
[White "Brustman, Agnieszka"]
[Black "Murrey, Jacob"]
[Result "1-0"]
[WhiteElo "2290"]
[BlackElo "2495"]

1.e4 c5 2.Nf3 Nc6 3.d4 cxd4 4.Nxd4 Nf6 5.Nc3 d6 6.Bg5 Bd7 7.Qd2 Rc8 8.f4 Nxd4
9.Qxd4 Qa5 10.e5 dxe5 11.fxe5 e6 12.O-O-O Rxc3 13.Bd2 Qxa2 14.Bxc3 g6 15.Kd2 Bc5
16.Qh4 Nd5 17.Bc4 Qa4 18.b3 Qc6 19.Bxd5 Qxd5+ 20.Kc1 Qc6 21.Rd6 Ba3+ 22.Bb2 Qc3
23.Bxa3 Qa1+ 24.Kd2 Qxa3 25.Rd1 Qa5+ 26.Ke2 Bb5+ 27.c4 O-O 28.cxb5 Qxb5+
29.Kf2 Qxe5 30.Rd8 Qc5+ 31.Kf1 Qb5+ 32.Kg1 Rxd8 33.Qxd8+ Kg7 34.Qd3 Qe5 35.Qd2 Qb5
36.Qc3+ e5 37.Re1 f6 38.Qc2 Kh6 39.Qc1+ Kg7 40.Qe3 Qa6 41.h3 g5 42.Qe4 Qb6+
43.Kh1 Kh6 44.Rf1 a5 45.Qf5 Kg7 46.Rd1 Qc6 47.Rd7+ Kf8 48.Rxh7 e4 49.Rh8+ Ke7
50.Rc8  1-0

[Event "Cappelle op"]
[Site "Cappelle la Grande"]
[Date "1995.??.??"]
[Round "3"]
[White "Jonsson, Bjorgvin"]
[Black "Gentilleau, Jean Philippe"]
[Result "1-0"]
[WhiteElo "2395"]
[BlackElo "2220"]

1.e4 c5 2.Nf3 d6 3.d4 cxd4 4.Nxd4 Nf6 5.Nc3 Nc6 6.Bg5 e6 7.Qd2 Be7 8.O-O-O O-O
9.f4 Nxd4 10.Qxd4 Qa5 11.Bc4 Bd7 12.e5 dxe5 13.fxe5 Bc6 14.Bd2 Nd7 15.Nd5 Qd8
16.Nxe7+ Qxe7 17.Rhe1 Rfd8 18.Bf1 Nf8 19.Qg4 Qc5 20.Qb4 Qxb4 21.Bxb4 Rxd1+
22.Rxd1 Ng6 23.Bd6 Nf4 24.g3 Nd5 25.Be2 Rc8 26.Kd2 Nb6 27.b3 Nd7 28.Ke3 f6
29.exf6 gxf6 30.c4 f5 31.Kf4 Nf6 32.Be5 Kf7 33.a4 Rg8 34.a5 a6 35.b4 Ng4
36.Rd6 Nxh2 37.b5 axb5 38.cxb5 Bd5 39.Rd7+ Kg6 40.a6 bxa6 41.bxa6 Ng4 42.Bc7 Nf6
43.Rd8 Rxd8 44.Bxd8 Nh5+ 45.Ke5 Nxg3 46.Bb5 Ne4 47.a7 Nd2 48.Kd6 Ne4+ 49.Kc7 Nc3
50.Bc6 f4 51.a8=Q  1-0

[Event "Cappelle op"]
[Site "Cappelle la Grande"]
[Date "1995.??.??"]
[Round "5"]
[White "Jonsson, Bjorgvin"]
[Black "Demirel, Tolga"]
[Result "1/2-1/2"]
[WhiteElo "2395"]
[BlackElo "2185"]

1.e4 c5 2.Nf3 d6 3.d4 cxd4 4.Nxd4 Nf6 5.Nc3 Nc6 6.Bg5 e6 7.Qd2 a6 8.O-O-O Bd7
9.f4 b5 10.Bxf6 gxf6 11.Nxc6 Bxc6 12.Bd3 h5 13.Kb1 Qb6 14.f5 b4 15.Ne2 e5
16.Rhf1 Qc5 17.Rf3 Bh6 18.Qe1 a5 19.Rh3 Bg5 20.Ng1 Ke7 21.Qe2 a4  1/2-1/2

[Event "Cappelle op"]
[Site "Cappelle la Grande"]
[Date "1995.??.??"]
[Round "5"]
[White "Gofshtein, Leonid D"]
[Black "Savchenko, Stanislav"]
[Result "1-0"]
[WhiteElo "2465"]
[BlackElo "2585"]

1.e4 c5 2.Nf3 d6 3.d4 cxd4 4.Nxd4 Nf6 5.Nc3 Nc6 6.Bg5 e6 7.Qd2 a6 8.O-O-O h6
9.Be3 Qc7 10.f3 Rb8 11.Kb1 Bd7 12.g4 b5 13.Rg1 Nxd4 14.Bxd4 b4 15.Ne2 e5
16.Bf2 Be6 17.h4 Nd7 18.f4 Nc5 19.Qe3 Qb7 20.f5 Bd7 21.Ng3 Bc6 22.Bd3 a5
23.Qf3 Nxd3 24.cxd3 d5 25.f6 g6 26.exd5 Bxd5 27.Qe3 Kd7 28.Ne4 Rc8 29.Bg3 Qb5
30.Rc1 Bxe4 31.Qxe4 Bd6 32.h5 b3 33.axb3 Qxb3 34.hxg6 fxg6 35.Qxg6 Rxc1+
36.Rxc1 Rb8 37.Qh7+ Kd8 38.Rc2 Qb6 39.f7 Qg1+ 40.Ka2  1-0

[Event "Cappelle op"]
[Site "Cappelle la Grande"]
[Date "1995.??.??"]
[Round "7"]
[White "Nikolenko, Oleg"]
[Black "Demirel, Tolga"]
[Result "1-0"]
[WhiteElo "2480"]
[BlackElo "2185"]

1.e4 c5 2.Nf3 d6 3.d4 cxd4 4.Nxd4 Nf6 5.Nc3 Nc6 6.Bg5 e6 7.Qd2 a6 8.O-O-O Bd7
9.f3 b5 10.Nxc6 Bxc6 11.Kb1 Be7 12.Bxf6 gxf6 13.Bd3 h5 14.Rhe1 Qb6 15.Qf4 Kf8
16.Qd2 Qc5 17.f4 b4 18.Ne2 a5 19.f5 e5 20.Ng3 a4 21.b3 a3 22.Bc4 Rc8 23.Qe2 h4
24.Nf1 Bd8 25.Qg4 Bb5 26.Ne3 Bxc4 27.Nxc4 Rc6 28.Qf3 Bb6 29.Rf1 Bc7 30.Rd5 Qa7
31.Rfd1 Ke7 32.R5d3 Bb6 33.Nxd6 Bd4 34.Nb5 Qc5 35.Nxd4 exd4 36.R1d2 Rd8 37.Qf2 Qe5
38.Qxh4 Rdc8 39.Qf2 Rd8 40.g4 Rc3  1-0

[Event "Cappelle op"]
[Site "Cappelle la Grande"]
[Date "1995.??.??"]
[Round "9"]
[White "Brustman, Agnieszka"]
[Black "Thorhallsson, Throstur"]
[Result "0-1"]
[WhiteElo "2290"]
[BlackElo "2420"]

1.e4 c5 2.Nf3 Nc6 3.d4 cxd4 4.Nxd4 Nf6 5.Nc3 d6 6.Bg5 Bd7 7.Qd2 Rc8 8.f4 Nxd4
9.Qxd4 Qa5 10.e5 dxe5 11.fxe5 e6 12.O-O-O Bc6 13.Nb5 Bxb5 14.exf6 Bc6 15.h4 g6
16.Bc4 Bc5 17.Qg4 h5 18.Qe2 O-O 19.Rhe1 a6 20.Be3 Bb4 21.Bd2 Bb5 22.Qe3 Bxd2+
23.Rxd2 Kh7 24.Bb3 Rfd8 25.Rxd8 Rxd8 26.g4 Bc6 27.Rg1 hxg4 28.Rxg4 Qh5 29.Qg5 Rd1+
30.Kxd1 Bf3+ 31.Kd2 Qxg4 32.c3 Qe4 33.Qe3 Qf5 34.Qg5 Qh3 35.Ke3 Bc6+ 36.Kd4 Qh2
37.Kc5 Qxb2 38.Qe3 Qa3+ 39.Kc4 Bd5+ 40.Kd3 Bxb3 41.axb3 Qxb3 42.Qa7 Qb1+
43.Kd2 Qe4 44.Qb8 Qg2+ 45.Ke3 Qg1+ 46.Ke2 Qg4+ 47.Kd2 Qxh4 48.Qxb7 Qf2+ 49.Kd3 Qxf6
50.c4 Qf5+ 51.Kd4 a5 52.c5 Qf2+ 53.Kc4 Qc2+ 54.Kd4 e5+ 55.Kxe5 Qxc5+ 56.Kf6 Qc3+
57.Kg5 Qg3+ 58.Kf6 Qf4+ 59.Ke7 Qb4+  0-1

[Event "Ceske Budejovice op"]
[Site "Ceske Budejovice"]
[Date "1995.??.??"]
[Round "3"]
[White "Stripunsky, Alexander"]
[Black "Jurka, Miroslav"]
[Result "1/2-1/2"]
[WhiteElo "2495"]
[BlackElo "2335"]

1.e4 c5 2.Nf3 d6 3.d4 cxd4 4.Nxd4 Nf6 5.Nc3 Nc6 6.Bg5 e6 7.Qd2 Be7 8.O-O-O O-O
9.f4 Nxd4 10.Qxd4 Qa5 11.Kb1 Rd8 12.Qd2 h6 13.Bxf6 Bxf6 14.Nd5 Qxd2 15.Nxf6+ gxf6
16.Rxd2 Kf8 17.Be2 Ke7 18.Rhd1 e5 19.f5 b6 20.c4 Bb7 21.Bf3 Rac8 22.b3 Rc5
23.a4 a5 24.Kc2 Rcc8 25.Kd3 Bc6 26.Ke3 Rd7 27.Rd3 Rg8 28.Kf2 Rdd8 29.Rh1 Kd7
30.Re1 Rg5 31.g4 Rdg8 32.Bd1 Kc7 33.Rh3 Rh8 34.Rh5 Kd7 35.Re3 Rh7 36.Ke2 Bb7
37.Kd3 Kc6 38.Kc3 Kc5 39.Bf3 Bc6 40.Rd3 Rg8 41.Rd2 Rhh8 42.Rb2 Ra8 43.Rg2 Rag8
44.Rg3 Rg7 45.Rgh3 Rgh7 46.Bh1 Bd7 47.Rg3 Rg7 48.Bf3 Bc6 49.Rg1 Rgg8 50.Rg2 Bd7
51.Rb2 Ra8 52.Rd2 Bc6 53.Rd3 Rag8 54.Re3 Rg7 55.Be2 Bb7 56.Rh4 Bc6 57.Bd1 Bb7
58.Rhh3 Rgg8 59.Bf3 Bc6 60.Rd3 Rc8 61.Rd2 Rcg8 62.Rc2 Rc8 63.Rg3 Rhg8 64.Rgg2 Rh8
65.Rgd2 Rhg8 66.Rd3 Rh8 67.Rcd2 Rhd8 68.Bg2 Ra8 69.Re3 Rg8 70.Bf3 Rac8 71.Be2 Rh8
72.Rb2 Ra8 73.Bd1 Rhg8 74.Rd2 Rad8 75.Bf3 Rh8 76.Red3 Rhe8 77.Bg2 Ra8 78.Rh3  1/2-1/2

[Event "Clichy"]
[Site "Clichy"]
[Date "1995.??.??"]
[Round "?"]
[White "Marciano, David"]
[Black "Relange, Eloi"]
[Result "1/2-1/2"]
[WhiteElo "2455"]
[BlackElo "2455"]

1.e4 c5 2.Nf3 Nc6 3.d4 cxd4 4.Nxd4 Nf6 5.Nc3 d6 6.Bg5 e6 7.Qd2 Be7 8.O-O-O Nxd4
9.Qxd4 O-O 10.f4 Qa5 11.Bc4 Bd7 12.e5 dxe5 13.fxe5 Bc6 14.Bd2 Nd7 15.Nd5 Qd8
16.Nxe7+ Qxe7 17.Rhe1 Rfd8 18.Qg4 Nf8 19.Bf1 Qc5 20.Qb4 Qg1 21.Qf4 Ng6 22.Qg3 Qc5
23.Qe3  1/2-1/2

[Event "Copenhagen K41"]
[Site "Copenhagen"]
[Date "1995.??.??"]
[Round "6"]
[White "Wang Zili"]
[Black "Petursson, Margeir"]
[Result "1/2-1/2"]
[WhiteElo "2505"]
[BlackElo "2535"]

1.e4 c5 2.Nf3 d6 3.d4 cxd4 4.Nxd4 Nf6 5.Nc3 Nc6 6.Bg5 e6 7.Qd2 a6 8.O-O-O h6
9.Be3 Qc7 10.f4 Bd7 11.h3 b5 12.Bd3 Na5 13.Kb1 Nc4 14.Bxc4 Qxc4 15.e5 b4
16.exf6 bxc3 17.fxg7 Bxg7 18.Qxc3 Qxc3 19.bxc3 Ke7 20.Rd3 Rhc8 21.Rhd1 d5
22.g4 Rc4 23.f5 Rac8 24.g5 Bxd4 25.Bxd4 hxg5 26.fxe6 Bxe6 27.Rg1 Rg8 28.Rdg3 f6
29.Ka1 Rcc8 30.Re3 Kf7 31.Rb1 Rc6 32.Rf3 Bc8 33.Rb8 Rh8 34.Kb2 Rh6 35.a4 Bxh3
36.Rb7+ Kg6 37.a5 Bg4 38.Rf2 Bc8 39.Rb6 Rxb6+ 40.axb6 f5 41.Re2 Rh7 42.Re8 Bb7
43.Rg8+ Kh5 44.Bf6  1/2-1/2